000 00367 a2200145 4500
005 20250702093113.0
020 _a0-13-110362-8
100 _aKERNIGHAN, B.W.
245 _aThe Programming Language,
250 _a2nd Ed.
260 _aNew York,
_bPrentice Hall,
_c2015.
300 _axii;272p: ill Figure,
_bIndex,
_c19cm.
700 _aRITCHIE, D.M.
942 _2ddc
_cBKS
999 _c6585
_d6585